| 000 | 00447nam a22001697a 4500 | ||
|---|---|---|---|
| 003 | OSt | ||
| 005 | 20211007133217.0 | ||
| 008 | 211007b |||||||| |||| 00| 0 eng d | ||
| 020 | _a088730090.1 | ||
| 040 | _cHU | ||
| 082 | _a332.10973 | ||
| 100 |
_aCOOPER _911243 |
||
| 245 | _aBANKING DEREGULATION AND THE NEW COMPE TITION IN FINANCIAL SERVICES | ||
| 260 |
_aAMERICA _bHARPER AND ROW _c1986 |
||
| 300 | _a318 | ||
| 942 |
_2ddc _cBOOKS _n0 |
||
| 999 |
_c10398 _d10398 |
||